The majorcan episode of Chopin and Georges Sand (Record no. 128070)

MARC details
000 -LEADER
campo de control de longitud fija 00678nam a2200205 i 4500
001 - NÚMERO DE CONTROL
campo de control 128070
003 - IDENTIFICADOR DE NÚMERO DE CONTROL
campo de control ES-MaACL
005 - FECHA Y HORA DE LA ÚLTIMA TRANSACCIÓN
campo de control 20230906193144.0
007 - CAMPO FIJO DE DESCRIPCIÓN FÍSICA--INFORMACIÓN GENERAL
campo de control de longitud fija t|
008 - DATOS DE LONGITUD FIJA--INFORMACIÓN GENERAL
campo de control de longitud fija 070214s1969 sp r ||||1| eng d
100 1# - ENTRADA PRINCIPAL--NOMBRE DE PERSONA
Nombre de persona Ripoll, Luis.
9 (RLIN) 97431
245 14 - MENCIÓN DEL TÍTULO
Título The majorcan episode of Chopin and Georges Sand
Resto del título : 1838-1839 /
Mención de responsabilidad, etc. Luis Ripoll ; translated by W. Kirkbride.
260 ## - PUBLICACIÓN, DISTRIBUCIÓN, ETC.
Lugar de publicación, distribución, etc. Palma de Mallorca :
Nombre del editor, distribuidor, etc. [s.n.],
Fecha de publicación, distribución, etc. 1969 (
Fabricante Imp. Alcover)
300 ## - DESCRIPCIÓN FÍSICA
Extensión 123 p., 13 lám. ;
Dimensiones 17 cm.
600 14 - PUNTO DE ACCESO ADICIONAL DE MATERIA--NOMBRE DE PERSONA
Nombre de persona Chopin, Fryderyk.
9 (RLIN) 144154
600 14 - PUNTO DE ACCESO ADICIONAL DE MATERIA--NOMBRE DE PERSONA
Nombre de persona Sand, George,
Fechas asociadas al nombre 1804-1876
9 (RLIN) 103060
700 1# - ENTRADA AGREGADA--NOMBRE PERSONAL
Nombre de persona Kirkbride, W.
9 (RLIN) 68125
852 ## - LOCALIZACIÓN
Ubicación ES-MaACL
Número de control de estantería C-52285
Sublocalización o colección R.71154
Holdings
Estatus retirado Estado de pérdida Estado de daño No para préstamo Biblioteca de origen Biblioteca actual Ubicación en estantería Fecha de adquisición Fuente de adquisición Total de préstamos Signatura topográfica completa Código de barras Visto por última vez Precio de reemplazo Tipo de ítem Koha
        Biblioteca del Ateneo de Madrid Biblioteca del Ateneo de Madrid Depósito 2 17/01/2008     C-52285 1133388 23/02/2023 23/02/2023 Libro impreso